000 00489nam a2200169 a 4500
001 0000-8716
003 ELIB.Books
008 110520 1980
035 _a(ELIB.Books)0000-8862
082 _aR
_bKit/ R Fri.
100 _aKittel, Gerhard
245 _aTheological Dictionary of the New Testament (vol-VI)
260 _bGrand Rapids: Wm. B. Eerdmans Publishing Co.
_c1980
650 _aReference
942 _2ddc
_cBK
998 _cbat
_e2011-05-20
_mcat
_u2020-05-21
999 _c8716
_d8716